| Поле | Инд. | ПП | Название | Значение |
|---|---|---|---|---|
| Тип записи | a | |||
| Библиографический уровень | m | |||
| 001 | Контрольный номер | 161c7a13f45e4bbdab2284649da1dcc6 | ||
| 003 | 82c6430e372b4787b2e37b08295637ec | |||
| 005 | Дата корректировки | 20191227160635.7 | ||
| 008 | Кодируемые данные | s2011 ru |||||||||||000|||rus|d | ||
| 020 | a | ISBN | 978-5-91768-019-4 (в пер.) (Норма) | |
| c | Цена, тираж | 50-00 | ||
| 020 | a | ISBN | 978-5-16-004823-9 (ИНФРА-М) | |
| 040 | b | Код языка каталог. | rus | |
| 040 | a | Служба первич. каталог. | ЦГБ г.В.Луки | |
| c | Служба, преобразующая запись | 58-16 | ||
| 041 | 0_ | a | Код языка текста | rus |
| 084 | 2 | Источник индекса | rubbk | |
| a | Индекс другой классификации/Индекс ББК | 65.9(2) | ||
| 090 | a | Полочн. индекс | 65.9(2) | |
| x | Авторский знак | Н 90 | ||
| c | Каталожный индекс | 65.9(2) | ||
| e | Инвентарный номер (DOS) | 885555 | ||
| f | Сигла хранения (DOS) | влг-ЦБ | ||
| j | Имя библиотеки | ЦГБ г. В.Луки | ||
| 091 | a | Индекс ББК (DOS) | 65.9(2) | |
| 100 | 1_ | a | Автор | Нуреев Р. М. |
| q | Полное имя | Рустем Махмутович | ||
| 245 | 10 | a | Заглавие | Россия: особенности институционального развития |
| 260 | a | Место издания | Москва | |
| b | Издательство | Норма : ИНФРА-М | ||
| c | Дата издания | 2011 | ||
| 300 | a | Объем | 447 с. | |
| 650 | 14 | a | Основная рубрика | Экономика |
| 653 | 1_ | a | Ключевые слова | Россия |
| a | Ключевые слова | экономика | ||
| 990 | t | N записи в КСУ для И/У (DOS) | 58 | |
| f | Даты поступлений (DOS) | III.16 | ||
| b | Заказано (DOS) | ЦБ 885555 |